000 01202cam a2200325 i 4500
001 15818
003 BD-RjUL
005 20211208235907.0
008 140211t1961 ii b 001 0 eng
035 _a(BD-RjUL)15873
040 _aDLC
_cDLC
_dDLC
_dBD-RjUL
_beng
041 _aeng
082 0 0 _a609.54
_bGOS 1961
100 1 _aGode, P. K.
_q(Parshuram Krishna)
_949052
245 1 0 _aStudies in Indian cultural history /
_cby P. K. Gode.
_nVolume-1
260 _aHoshiarpur :
_bVishveshvaranand Vedic Research Institute,
_c1961,
300 _aV-1 (x, 495 p.) ;
_c25 cm.
490 1 _aVishveshvaranand Institute publication ; 189
500 _aVol. 2 has imprint: Prof. P. K. Gode Collected Works Publishing Committee, Poona.
500 _aVol. 2 issued in series P. K. Gode studies, v. 5.
504 _aIncludes bibliographical references and indexes.
650 0 _aTechnology
_zIndia
_xHistory.
_924751
830 0 _vv. 5.
_949060
830 0 _aP. K. Gode studies ;
_949061
856 4 1 _3Table of contents
_uhttp://www.loc.gov/catdir/toc/fy052/70911825.html
942 _2ddc
_cBK
999 _c15818
_d15818